HBR's 10 must reads (Record no. 4765)

000 -LEADER
fixed length control field nam a22 7a 4500
005 - DATE AND TIME OF LATEST TRANSACTION
control field 20180913105002.0
008 - FIXED-LENGTH DATA ELEMENTS--GENERAL INFORMATION
fixed length control field 180913b2018 mau||||| |||| 00| 0 eng d
020 ## - INTERNATIONAL STANDARD BOOK NUMBER
International Standard Book Number 9781633693067
Terms of availability RM 129.90
040 ## - CATALOGING SOURCE
Original cataloging agency AKMAL
082 ## - DEWEY DECIMAL CLASSIFICATION NUMBER
Classification number 658 HAR
090 ## - LOCALLY ASSIGNED LC-TYPE CALL NUMBER (OCLC); LOCAL CALL NUMBER (RLIN)
Classification number (OCLC) (R) ; Classification number, CALL (RLIN) (NR) 658
Local cutter number (OCLC) ; Book number/undivided call number, CALL (RLIN) HAR
245 00 - TITLE STATEMENT
Title HBR's 10 must reads
Remainder of title : the definitive management ideas of the year from Harvard Business Review 2018.
246 3# - VARYING FORM OF TITLE
Title proper/short title Harvard business review's ten must reads
246 30 - VARYING FORM OF TITLE
Title proper/short title Definitive management ideas of the year from Harvard Business Review 2018
264 #1 - PRODUCTION, PUBLICATION, DISTRIBUTION, MANUFACTURE, AND COPYRIGHT NOTICE
Place of production, publication, distribution, manufacture Boston, Massachusetts :
Name of producer, publisher, distributor, manufacturer Harvard Business Review Press,
Date of production, publication, distribution, manufacture, or copyright notice [2018]
300 ## - PHYSICAL DESCRIPTION
Other physical details 193pg
Dimensions 22cm
490 1# - SERIES STATEMENT
Series statement HBR's 10 must reads (Series)
500 ## - GENERAL NOTE
General note Includes index.
505 0# - FORMATTED CONTENTS NOTE
Formatted contents note Customer loyalty is overrated / by A.G. Lafley and Roger L. Martin -- Noise: how to overcome the high, hidden cost of inconsistent decision making / by Daniel Kahneman, Andrew M. Rosenfield, Linnea Gandhi, and Tom Blaser -- Visualizations that really work / by Scott Berinato -- Right tech, wrong time / by Ron Adner and Rahul Kapoor -- How to pay for health care / by Michael E. Porter and Robert S. Kaplan -- The performance management revolution / by Peter Cappelli and Anna Tavis -- Let your workers rebel / by Francesca Gino -- Why diversity programs fail / by Frank Dobbin and Alexandra Kalev -- What so many people don't get about the U.S. working class / by Joan C. Williams -- The truth about Blockchain / by Marco Iansiti and Karim R. Lakhani -- The Edison of medicine -- By Steven Prokesch.
520 ## - SUMMARY, ETC.
Summary, etc. We've combed through the ideas, insights, and best practices from the past year of Harvard Business Review to help you get up to speed fast on the relevant ideas driving business today. Discover new ideas and sample the work from our vast cabinet of experts and their smart management thinking. Revisit these topics now to make sure you're incorporating the brightest, most up-to-date practices in your organization, or keep it as a reference to access these memorable pieces when you need them most. The collection includes articles on leadership, strategy, and innovation, as well as content to help you manage yourself and others. A year's worth of management wisdom, all in one place.
650 ## - SUBJECT ADDED ENTRY--TOPICAL TERM
Topical term or geographic name entry element Management.
9 (RLIN) 1462
830 ## - SERIES ADDED ENTRY--UNIFORM TITLE
Uniform title HBR's 10 must reads (Series)
9 (RLIN) 9112
942 ## - ADDED ENTRY ELEMENTS (KOHA)
Source of classification or shelving scheme
Koha item type Book
Holdings
Withdrawn status Lost status Source of classification or shelving scheme Damaged status Not for loan Collection code Home library Current library Shelving location Date acquired Inventory number Total Checkouts Full call number Barcode Date last seen Price effective from Koha item type
          NON-FICTION AKMAL Melaka AKMAL Melaka PINJAMAN 13.09.2018 602767   658 HAR 201707743 13.09.2018 13.09.2018 Book
Pusat Sumber Maklumat Dato' Haji Sarmin Md Hussin, Akademi Kastam Diraja Malaysia, Melaka
Tel: 06-2331106 | Faks: 06-2313787